Movie Title Bar and Line Graphs: The Sequel Quiz Stats

 Plays Quiz Updated Sep 6, 2014

Support Sporcle.
Go Orange.
Score 0/12 Timer 05:00
0 Plays Today
Hint Answer % Correct
12 Years a Slave
93.2%
2 Fast 2 Furious
82%
Happy Feet
79.9%
Extremely Loud and Incredibly Close
74.9%
Lock, Stock and Two Smoking Barrels
69.1%
Tomorrow Never Dies
67.9%
Fifty Shades of Grey
66.3%
Hannibal Rising
63.8%
I Know What You Did Last Summer
54.9%
The NeverEnding Story
51.3%
Die Hard
39.8%
I Am Number Four
26.6%

You're not logged in!

Compare scores with friends on all Sporcle quizzes.
OR
Log In
Forgot?

From the Vault

Inaccurate Movies

by DarkPhalanx

So Will Smith has never really saved the world? That can't be true.
Remove Ads.
Support Sporcle.
Get the best of Sporcle when you Go Orange. This ad-free experience offers more features, more stats, and more fun while also helping to support Sporcle. Thank you for becoming a member.

Show Comments

Extras

Top Quizzes Today


Score Distribution

Your Account Isn't Verified!

In order to create a playlist on Sporcle, you need to verify the email address you used during registration. Go to your Sporcle Settings to finish the process.

Report this User

Report this user for behavior that violates our Community Guidelines.

Details: